Every Major City in France - Statistics

General Stats
  • This quiz has been taken 39 times
    36 since last reset
  • The average score is 9 of 15
Answer Stats
Answer % Correct
Paris
100%
Lyon
93%
Marseille
93%
Nice
90%
Bordeaux
79%
Toulouse
79%
Lille
69%
Nantes
59%
Strasbourg
55%
Montpellier
52%
Rennes
48%
Le Havre
45%
Grenoble
34%
Orleans
28%
Mulhouse
7%
No matching quizzes found
Score Distribution
Percent of People with Each Score
Percentile by Number Answered
Your Score History
You have not taken this quiz since the last reset